000 02117nam0a2200409 4500
001 RU\NLR\BIBL_A\012470052
005 20211117164823.0
010 _a978-5-9909446-2-6
_bрус.
_9200
021 _aRU
_bКН-П-20-067073
_9КН-П-20-5044
035 _a(NLR Aleph) 012470052
035 _a(RuMoRGB)010462249
090 _a12074226
_c12074226
100 _a20210310d2019 u y0rusy50 ca
101 1 _arus
_ceng
102 _aRU
105 _aa|||z|||001zy
181 0 _ai
_baxxe
182 0 _an
200 1 _aАлгоритмы для чайников
_e[алгоритмы и реальные практические задачи, получение навыков применения алгоритмов, как использовать Python для проверки работы алгоритмов
_eперевод с английского]
_fДжон Поль Мюллер, Лука Массарон
203 _aТекст
_bвизуальный
_cнепосредственный
210 _aМосква
_aСанкт-Петербург
_cДиалектика
_d2019
215 _a454 с.
_cил.
_d24
225 1 _aВедь это так просто!
225 1 _aДля чайников
320 _aПредм. указ.: с. 451-454
454 0 _12001#$aAlgorithms for dummies$fJohn Paul Mueller, Luca Massaron
_1700#1$aMueller$bJ. P.$f1958-$cпрограммист$gJohn Paul$3RU\NLR\AUTH\7714678
_1701#1$aMassaron$bL.$gLuca
_tAlgorithms for dummies
_aMueller, John Paul (программист ; 1958-)
606 1 _aАлгоритмика
_xЗадачи
_xРешение
_92228217
_3RU\NLR\AUTH\661337535
606 1 _aPYTHON, язык программирования
_xЗадачи
_xРешение
_92356734
_3RU\NLR\AUTH\6601630205
686 1 _aЗ973.2-018я7-41
686 1 _aВ127я7-41
700 1 _7ca
_8rus
_aМюллер
_bД. П.
_cпрограммист
_f1958-
_gДжон Пол
_9124346
_3RU\NLR\AUTH\7714676
701 1 _aМассарон
_bЛ.
_gЛука
942 _cBOOK
980 _aNBR
980 _aNB